College Quizbowl Stats
College Quizbowl Stats
Circuits
Seasons
Sets
Records
Detailed Stats
About
Loading...
2024 ACF Winter at Oxford
Tossups
Bonuses
Players
Teams
Categories (Tossup)
Categories (Bonus)
Tom Haines
Durham A
Categories
Category
Powers
Gets
Negs
BBs
Points
Earliest Buzz
Avg. Buzz
First Buzzes
Top 3 Buzzes
BPA
PVF
History - European
0
1
0
0
10
111
111.00
0
1
0.00
0.00
History - World
0
1
0
0
10
38
38.00
1
1
0.00
0.00
Fine Arts - Other
0
0
0
0
0
0.00
0
0
0.00
0.00
Literature - American
0
0
1
0
-5
0.00
0
0
0.00
0.00
Buzzes
Category
Answer
Value
Buzz Position
History - World
Nehru–Gandhi family
10
38
History - European
da Gama
10
111
Literature - American
Kurt Vonnegut
-5
117
Fine Arts - Other
Vittorio de Sica
0
142
Previous
1
Next